[Event "II. CLANSKA LIGA ZAHOD 2024"]
[Site "Komenda"]
[Date "2024.11.23"]
[Round "7.4"]
[White "Beletic, Danijel"]
[Black "Kaluza, Dominik"]
[Result "1-0"]
[WhiteElo "2276"]
[BlackElo "1630"]
[PlyCount "81"]
[EventDate "2024.11.15"]
[WhiteTeam "SD POSOCJE"]
[BlackTeam "SK POSTOJNA"]

1. d4 c6 2. c4 d5 3. Nf3 e6 4. e3 Bd6 5. b3 Qe7 6. Bd3 f5 7. O-O g5 8. Ne5 Nf6
9. a4 Nbd7 10. Ba3 Bxa3 11. Nxa3 Nxe5 12. dxe5 Ng4 13. Be2 Nxe5 14. Qd4 Ng6 15.
cxd5 exd5 16. b4 Be6 17. Rfc1 O-O 18. Rc3 Qf6 19. Qxf6 Rxf6 20. Nc2 f4 21. b5
Rc8 22. Nd4 c5 23. Nxe6 Rxe6 24. Bg4 Ree8 25. Bxc8 Rxc8 26. Rd1 b6 27. Rxd5 h6
28. Rcd3 c4 29. Rd8+ Rxd8 30. Rxd8+ Kf7 31. Rd4 Ne5 32. exf4 gxf4 33. Kf1 Ke6
34. Ke2 c3 35. f3 h5 36. Kd1 h4 37. h3 Nd7 38. Rxf4 Nc5 39. Kc2 Kd5 40. Rxh4
Ne6 41. Kxc3 1-0

[Event "II. CLANSKA LIGA ZAHOD 2024"]
[Site "Komenda"]
[Date "2024.11.23"]
[Round "7.4"]
[White "Markovcic, Gregor"]
[Black "Hozjan, Erik"]
[Result "0-1"]
[WhiteElo "1531"]
[BlackElo "1926"]
[PlyCount "40"]
[EventDate "2024.11.15"]
[WhiteTeam "SK POSTOJNA"]
[BlackTeam "SD POSOCJE"]

1. d4 f5 2. c4 Nf6 3. Bg5 e6 4. Nc3 Bb4 5. a3 Bxc3+ 6. bxc3 d6 7. f3 O-O 8. e4
h6 9. Bxf6 Qxf6 10. exf5 e5 11. Ne2 Bxf5 12. c5 b6 13. cxd6 Qxd6 14. Ng3 exd4
15. Nxf5 Rxf5 16. cxd4 Nc6 17. g4 Re8+ 18. Kf2 Ra5 19. d5 Ne5 20. Qb3 Rf8 0-1

[Event "II. CLANSKA LIGA ZAHOD 2024"]
[Site "Komenda"]
[Date "2024.11.23"]
[Round "7.5"]
[White "Buha, Drago"]
[Black "Jocev, Milan"]
[Result "0-1"]
[WhiteElo "1957"]
[BlackElo "2246"]
[PlyCount "70"]
[EventDate "2024.11.15"]
[WhiteTeam "SD RADOVLJICA"]
[BlackTeam "SK TRZIN"]

1. d4 d5 2. Bf4 Nf6 3. e3 c5 4. Bb5+ Nc6 5. dxc5 Qa5+ 6. Nc3 a6 7. Bxc6+ bxc6
8. Qd4 e6 9. b4 Qa3 10. Nd1 a5 11. c3 Be7 12. Nf3 Ba6 13. Qd2 Ne4 14. Qc2 axb4
15. Nd2 Nxc5 16. Nb3 Bd3 17. Qd2 Nxb3 18. axb3 Qxa1 19. Qxd3 bxc3 20. O-O Bf6
21. e4 Qa6 22. Qc2 Qa2 23. Qxa2 Rxa2 24. e5 Be7 25. Nxc3 Rb2 26. Be3 Rxb3 27.
Rc1 O-O 28. Ne2 c5 29. Bxc5 Bxc5 30. Rxc5 Rb1+ 31. Rc1 Rxc1+ 32. Nxc1 Rc8 33.
Ne2 d4 34. Ng3 Rc1+ 35. Nf1 d3 0-1

[Event "II. CLANSKA LIGA ZAHOD 2024"]
[Site "Komenda"]
[Date "2024.11.23"]
[Round "7.5"]
[White "Jacob, Tobias"]
[Black "Prestrl, Jozef"]
[Result "1-0"]
[WhiteElo "2094"]
[BlackElo "1875"]
[PlyCount "87"]
[EventDate "2024.11.15"]
[WhiteTeam "SK TRZIN"]
[BlackTeam "SD RADOVLJICA"]

1. d4 d5 2. c4 c6 3. Nf3 g6 4. e3 a6 5. a4 Bg7 6. Nc3 Nf6 7. Be2 O-O 8. h3 Nbd7
9. cxd5 cxd5 10. Qb3 e6 11. a5 Re8 12. O-O Bf8 13. Bd2 Bd6 14. Rfc1 Nb8 15. Na4
Nfd7 16. Qd1 Nc6 17. Qe1 Qe7 18. Nc3 Bb4 19. Na2 Bxd2 20. Qxd2 f6 21. Rc2 Kg7
22. b4 Na7 23. Nc1 Nb8 24. Nb3 Bd7 25. Rc7 Rc8 26. Rxb7 Qd6 27. Nc5 Rc7 28. Rb6
Rc6 29. Rb7 Rc7 30. Rxc7 Qxc7 31. Nxa6 Nxa6 32. Bxa6 Rb8 33. Rb1 Nc6 34. Qc3
Qa7 35. b5 Nxa5 36. Qxa5 Rb6 37. Qc3 Qb8 38. Rc1 Bxb5 39. Bxb5 Rxb5 40. Qc7+
Kh6 41. Qe7 Rb1 42. Rxb1 Qxb1+ 43. Kh2 Qf5 44. Qf8+ 1-0

[Event "II. CLANSKA LIGA ZAHOD 2024"]
[Site "Komenda"]
[Date "2024.11.23"]
[Round "7.5"]
[White "Kocevar, Tugomir"]
[Black "Krupenko, Peter"]
[Result "0-1"]
[WhiteElo "1818"]
[BlackElo "1923"]
[PlyCount "54"]
[EventDate "2024.11.15"]
[WhiteTeam "SD RADOVLJICA"]
[BlackTeam "SK TRZIN"]

1. e4 e5 2. f4 exf4 3. Bc4 Qh4+ 4. Kf1 d6 5. Nf3 Qe7 6. Nc3 c6 7. a4 g5 8. h3
Bg7 9. d4 a5 10. Qd3 Na6 11. Na2 h6 12. c3 Nf6 13. e5 Nh5 14. Kf2 d5 15. Bxa6
Rxa6 16. b4 Ng3 17. Re1 Bf5 18. Qd1 O-O 19. Ba3 Ra7 20. Qb3 Qe6 21. b5 Rc8 22.
b6 Raa8 23. Rac1 Bxh3 24. gxh3 Qxh3 25. c4 Ne4+ 26. Rxe4 dxe4 27. Nd2 e3+ 0-1

[Event "II. CLANSKA LIGA ZAHOD 2024"]
[Site "Komenda"]
[Date "2024.11.23"]
[Round "7.5"]
[White "Krumpak, Hinko"]
[Black "Torkar, Boris"]
[Result "1-0"]
[WhiteElo "2002"]
[BlackElo "1882"]
[PlyCount "109"]
[EventDate "2024.11.15"]
[WhiteTeam "SK TRZIN"]
[BlackTeam "SD RADOVLJICA"]

1. b3 d5 2. c4 c6 3. Bb2 e6 4. Nf3 Nf6 5. g3 b6 6. Bg2 Bb7 7. cxd5 exd5 8. O-O
Be7 9. d4 O-O 10. Nc3 Nbd7 11. Rc1 Re8 12. Ne1 Nf8 13. Nd3 Ne6 14. e3 Rc8 15.
Re1 h6 16. Re2 Ng5 17. Rec2 Bd6 18. h4 Nge4 19. Nxe4 Nxe4 20. Ne5 Bxe5 21. dxe5
Nc5 22. b4 Ne6 23. f4 g6 24. b5 c5 25. Rd2 Qd7 26. a4 Rcd8 27. Qg4 h5 28. Qh3
Ng7 29. Qxd7 Rxd7 30. Bh3 Rdd8 31. Kf2 Nf5 32. Bg2 Ng7 33. Rcd1 Ne6 34. Bxd5
Bxd5 35. Rxd5 Rxd5 36. Rxd5 Rd8 37. Rxd8+ Nxd8 38. Kf3 Kf8 39. Ke4 Ke7 40. Kd5
Kd7 41. e4 Ne6 42. f5 Nc7+ 43. Kc4 gxf5 44. exf5 Ne8 45. Kd5 Nc7+ 46. Kc4 Ne8
47. Kd5 Nc7+ 48. Ke4 Ne8 49. Bc1 Ke7 50. Bf4 f6 51. e6 Nd6+ 52. Bxd6+ Kxd6 53.
Kf4 Ke7 54. g4 c4 55. gxh5 1-0

[Event "II. CLANSKA LIGA ZAHOD 2024"]
[Site "Komenda"]
[Date "2024.11.24"]
[Round "9.1"]
[White "Rozman, Mitja"]
[Black "Juhant, Igor"]
[Result "1/2-1/2"]
[WhiteElo "1995"]
[BlackElo "1985"]
[PlyCount "54"]
[EventDate "2024.11.15"]
[WhiteTeam "DRUSTVO TOMO ZUPAN"]
[BlackTeam "SK KOMENDA"]

1. Nf3 Nf6 2. g3 g6 3. Bg2 Bg7 4. O-O c5 5. c3 O-O 6. d4 cxd4 7. cxd4 d5 8. Nc3
Nc6 9. Ne5 Nd7 10. Nxd5 Ndxe5 11. dxe5 e6 12. Nf6+ Bxf6 13. exf6 Qxf6 14. Bh6
Rd8 15. Qe1 Qe7 16. Qc3 Nd4 17. Rfe1 e5 18. Be3 Bf5 19. Bxd4 exd4 20. Qf3 h5
21. h3 Rd7 22. Rad1 Qb4 23. b3 Rad8 24. Qf4 Qc3 25. g4 hxg4 26. hxg4 Be6 27.
Bf3 b5 1/2-1/2

[Event "II. CLANSKA LIGA ZAHOD 2024"]
[Site "Komenda"]
[Date "2024.11.24"]
[Round "9.1"]
[White "Babarovic, Fran"]
[Black "Demsar, Maks"]
[Result "0-1"]
[WhiteElo "1757"]
[BlackElo "1958"]
[PlyCount "42"]
[EventDate "2024.11.15"]
[WhiteTeam "SK KOMENDA"]
[BlackTeam "DRUSTVO TOMO ZUPAN"]

1. e4 e5 2. Nf3 Nc6 3. Bc4 Bc5 4. d3 Nf6 5. O-O d6 6. c3 a6 7. Bb3 O-O 8. Re1
Ba7 9. Nbd2 Ng4 10. Re2 Kh8 11. h3 Nh6 12. Nf1 f5 13. Bxh6 gxh6 14. exf5 Bxf5
15. Re1 Qf6 16. Bd5 Qg7 17. h4 Bh3 18. g3 Ne7 19. Bb3 Bg4 20. N1h2 Bxf3 21.
Nxf3 Qxg3+ 0-1

[Event "II. CLANSKA LIGA ZAHOD 2024"]
[Site "Komenda"]
[Date "2024.11.24"]
[Round "9.1"]
[White "Mlacnik, Franc"]
[Black "Novakovic, Gosto"]
[Result "1/2-1/2"]
[WhiteElo "1963"]
[BlackElo "1789"]
[PlyCount "48"]
[EventDate "2024.11.15"]
[WhiteTeam "DRUSTVO TOMO ZUPAN"]
[BlackTeam "SK KOMENDA"]

1. e4 e5 2. Nf3 Nc6 3. Bc4 Nf6 4. d3 h6 5. Nc3 Bc5 6. Be3 Bb6 7. O-O d6 8. h3
O-O 9. Nd5 Nxd5 10. exd5 Ne7 11. Bxb6 axb6 12. d4 e4 13. Nd2 f5 14. Qe2 Ng6 15.
Kh2 Bd7 16. f4 Qf6 17. c3 Rae8 18. g3 Kh7 19. Rg1 Re7 20. Nf1 Rfe8 21. Ne3 Kh8
22. Raf1 Nf8 23. Qf2 h5 24. Be2 g6 1/2-1/2

[Event "II. CLANSKA LIGA ZAHOD 2024"]
[Site "Komenda"]
[Date "2024.11.24"]
[Round "9.1"]
[White "Novakovic, Julian"]
[Black "Bobnar, Samo"]
[Result "1/2-1/2"]
[WhiteElo "1892"]
[BlackElo "1939"]
[PlyCount "64"]
[EventDate "2024.11.15"]
[WhiteTeam "SK KOMENDA"]
[BlackTeam "DRUSTVO TOMO ZUPAN"]

1. Nf3 d5 2. c4 c6 3. d4 Nf6 4. Nc3 e6 5. e3 Be7 6. g4 h6 7. Rg1 g5 8. Qc2 Na6
9. a3 c5 10. Bd2 Nc7 11. O-O-O a6 12. Ne5 dxc4 13. Bxc4 b5 14. Bd3 Bd6 15. Ne4
Nxe4 16. Bxe4 Nd5 17. Nc6 Qc7 18. dxc5 Bxh2 19. Rh1 Bb7 20. Bxd5 exd5 21. Ba5
Qxc6 22. Rxh2 Rc8 23. Bb6 Qe6 24. Rd4 Kd7 25. Kb1 Rce8 26. Rh1 Qg6 27. Rd3 Bc6
28. Rhd1 h5 29. Qc3 h4 30. e4 Qxe4 31. Qf6 Qg6 32. Qc3 h3 1/2-1/2

[Event "II. CLANSKA LIGA ZAHOD 2024"]
[Site "Komenda"]
[Date "2024.11.24"]
[Round "9.1"]
[White "Smirnov, Maksim"]
[Black "Debeljak, Jaka"]
[Result "1/2-1/2"]
[WhiteElo "1839"]
[BlackElo "1817"]
[PlyCount "62"]
[EventDate "2024.11.15"]
[WhiteTeam "DRUSTVO TOMO ZUPAN"]
[BlackTeam "SK KOMENDA"]

1. d4 d5 2. Bf4 c5 3. e3 cxd4 4. exd4 Nc6 5. c3 f6 6. Nf3 g5 7. Bg3 h5 8. h4 g4
9. Nfd2 Bf5 10. Na3 a6 11. Nc2 e6 12. Ne3 Bg6 13. Nb3 Bd6 14. Bxd6 Qxd6 15. Bd3
Nge7 16. g3 b6 17. Qe2 Be4 18. Bxe4 dxe4 19. Nc4 Qc7 20. Qxe4 b5 21. Ne3 Qd6
22. Ng2 f5 23. Qe2 Qd5 24. O-O e5 25. Rad1 e4 26. Nf4 Qd6 27. c4 b4 28. c5 Qd7
29. d5 Ne5 30. d6 N7c6 31. Nd4 Nxd4 1/2-1/2

[Event "II. CLANSKA LIGA ZAHOD 2024"]
[Site "Komenda"]
[Date "2024.11.24"]
[Round "9.1"]
[White "Novakovic, Novica"]
[Black "Rogelj, Tomaz"]
[Result "1/2-1/2"]
[WhiteElo "1780"]
[BlackElo "1554"]
[PlyCount "64"]
[EventDate "2024.11.15"]
[WhiteTeam "SK KOMENDA"]
[BlackTeam "DRUSTVO TOMO ZUPAN"]

1. d4 Nf6 2. Bf4 e6 3. c3 Be7 4. e3 b6 5. Nf3 Bb7 6. Nbd2 O-O 7. Bd3 d5 8. h3
Nbd7 9. O-O c5 10. Re1 Re8 11. Ne5 Nxe5 12. Bxe5 Nd7 13. Bg3 c4 14. Bc2 b5 15.
e4 a5 16. e5 b4 17. Re3 Bc6 18. Qh5 g6 19. Qf3 bxc3 20. bxc3 Rb8 21. Nxc4 Bb5
22. Nd6 Bxd6 23. exd6 Bc4 24. Ba4 Bb5 25. Bxb5 Rxb5 26. h4 Qf6 27. Qe2 Reb8 28.
Rd1 Rb2 29. Rd2 Rb1+ 30. Kh2 h5 31. Red3 R1b6 32. Qe3 Rb1 1/2-1/2

[Event "II. CLANSKA LIGA ZAHOD 2024"]
[Site "Komenda"]
[Date "2024.11.24"]
[Round "9.2"]
[White "Vodnik, Val"]
[Black "Zupancic, Urban"]
[Result "1-0"]
[WhiteElo "1793"]
[BlackElo "2071"]
[PlyCount "107"]
[EventDate "2024.11.15"]
[WhiteTeam "SD VRHNIKA"]
[BlackTeam "SD KRKA NOVO MESTO"]

1. d4 Nf6 2. c4 g6 3. Nc3 Bg7 4. Nf3 O-O 5. g3 d6 6. Bg2 Nc6 7. O-O a6 8. e4
Rb8 9. a4 a5 10. h3 e5 11. dxe5 dxe5 12. Bg5 h6 13. Be3 Qxd1 14. Raxd1 Be6 15.
b3 Rfd8 16. Rd2 Rxd2 17. Nxd2 Nd4 18. Nd5 c6 19. Nxf6+ Bxf6 20. Bxd4 exd4 21.
f4 b5 22. e5 Bd8 23. Bxc6 bxc4 24. bxc4 Rb2 25. Rb1 Rxd2 26. Rb8 Bxc4 27. Rxd8+
Kg7 28. Bd5 Bxd5 29. Rxd5 d3 30. Rxa5 Re2 31. Kf1 Rh2 32. Rd5 d2 33. h4 g5 34.
hxg5 hxg5 35. f5 Rh1+ 36. Ke2 Ra1 37. Rxd2 Rxa4 38. Kf3 g4+ 39. Ke3 Ra5 40. Kf4
Ra4+ 41. Ke3 Ra5 42. Ke4 Rb5 43. Rd4 Rb3 44. Kf4 Rb5 45. Re4 Rb1 46. Kxg4 Rf1
47. Kg5 Rf3 48. g4 Rf1 49. f6+ Kg8 50. e6 fxe6 51. Rxe6 Rg1 52. Re7 Kf8 53. Kf5
Rf1+ 54. Kg6 1-0

[Event "II. CLANSKA LIGA ZAHOD 2024"]
[Site "Komenda"]
[Date "2024.11.24"]
[Round "9.2"]
[White "Hudoklin, Jurij"]
[Black "Praznik, Nikolaj"]
[Result "1-0"]
[WhiteElo "1635"]
[BlackElo "1517"]
[PlyCount "73"]
[EventDate "2024.11.15"]
[WhiteTeam "SD KRKA NOVO MESTO"]
[BlackTeam "SD VRHNIKA"]

1. d4 d5 2. c4 dxc4 3. e3 Nf6 4. Bxc4 Bf5 5. Qb3 e6 6. Qxb7 Nbd7 7. Nc3 Be7 8.
Qb3 Rb8 9. Qd1 Bb4 10. Nge2 Be4 11. O-O O-O 12. Nxe4 Nxe4 13. Bd3 Nd6 14. Qc2
Qh4 15. a3 Ba5 16. Nc3 Rfe8 17. b4 Bb6 18. Na4 e5 19. Nxb6 cxb6 20. Qc7 Qe7 21.
dxe5 Qxe5 22. Bd2 Rb7 23. Qc3 Rc8 24. Qxe5 Nxe5 25. Ba6 Rbc7 26. Bxc8 Rxc8 27.
Rac1 Rd8 28. Bc3 Nec4 29. Rfd1 h6 30. Rd3 Nxa3 31. Be5 Nac4 32. Rxc4 Nxc4 33.
Rxd8+ Kh7 34. Bd4 a5 35. bxa5 bxa5 36. Rc8 Nb2 37. Bxb2 1-0

[Event "II. CLANSKA LIGA ZAHOD 2024"]
[Site "Komenda"]
[Date "2024.11.24"]
[Round "9.3"]
[White "Skoberne, Jure"]
[Black "Sajn, Simon"]
[Result "1-0"]
[WhiteElo "2540"]
[BlackElo "2102"]
[PlyCount "59"]
[EventDate "2024.11.15"]
[WhiteTeam "SD POSOCJE"]
[BlackTeam "SK RIMEX ILIRSKA BISTRICA"]

1. d4 f5 2. Nc3 d5 3. Bg5 g6 4. e3 Bg7 5. h4 h6 6. Bf4 Nf6 7. Nf3 Be6 8. Ne5
Bf7 9. g4 e6 10. Rg1 Rg8 11. Nb5 Na6 12. c3 Bf8 13. gxf5 exf5 14. Na3 Nb8 15.
Qb3 Qc8 16. c4 Nc6 17. Nxf7 Kxf7 18. Nb5 Bb4+ 19. Kd1 Qf8 20. Nxc7 Na5 21. Qa4
Rc8 22. c5 Nc6 23. Bd6 Qd8 24. Nxd5 Nxd5 25. Bc4 Qxh4 26. Bxd5+ Kg7 27. Bxc6
Qxf2 28. Qxb4 Qxg1+ 29. Ke2 Qxa1 30. Qxb7+ 1-0

[Event "II. CLANSKA LIGA ZAHOD 2024"]
[Site "Komenda"]
[Date "2024.11.24"]
[Round "9.3"]
[White "Kekic, Urban"]
[Black "Srebrnic, Marko"]
[Result "0-1"]
[WhiteElo "2015"]
[BlackElo "2343"]
[PlyCount "110"]
[EventDate "2024.11.15"]
[WhiteTeam "SK RIMEX ILIRSKA BISTRICA"]
[BlackTeam "SD POSOCJE"]

1. d4 Nf6 2. c4 d6 3. Nc3 Nbd7 4. Nf3 e5 5. g3 Be7 6. Bg2 O-O 7. O-O c6 8. Qc2
Qc7 9. b3 Re8 10. Bb2 Nf8 11. Rac1 Bg4 12. Rfd1 Bh5 13. Qd2 h6 14. d5 c5 15. e4
N6h7 16. Qd3 Qd7 17. Re1 Bg4 18. Nd2 Bg5 19. Ra1 Bxd2 20. Qxd2 Ng5 21. Qe3 Bh3
22. Bh1 Ng6 23. f4 exf4 24. gxf4 Qg4+ 25. Qg3 Nxf4 26. Re3 f6 27. Kf2 Qxg3+ 28.
Kxg3 Ng6 29. Nb5 Rad8 30. Nxa7 f5 31. Ree1 f4+ 32. Kf2 Ne5 33. Bxe5 Rxe5 34.
Nb5 Nf7 35. a3 Rg5 36. Rg1 Rxg1 37. Rxg1 Ne5 38. Bf3 g5 39. Bg2 Bg4 40. Bf1 Kf7
41. b4 b6 42. bxc5 bxc5 43. h4 Kg6 44. Rh1 Bf3 45. Rg1 Bxe4 46. hxg5 hxg5 47.
Be2 Bf5 48. a4 g4 49. a5 g3+ 50. Kf1 Ra8 51. Nxd6 Rxa5 52. Nb7 Ra1+ 53. Kg2
Be4+ 54. Kh3 Rxg1 55. Nd6 Rh1# 0-1

[Event "II. CLANSKA LIGA ZAHOD 2024"]
[Site "Komenda"]
[Date "2024.11.24"]
[Round "9.3"]
[White "Podlesnik, Bogdan"]
[Black "Solmajer, Luka"]
[Result "1-0"]
[WhiteElo "2287"]
[BlackElo "2006"]
[PlyCount "65"]
[EventDate "2024.11.15"]
[WhiteTeam "SD POSOCJE"]
[BlackTeam "SK RIMEX ILIRSKA BISTRICA"]

1. e4 c5 2. Nc3 Nc6 3. Nge2 g6 4. d4 cxd4 5. Nxd4 Bg7 6. Be3 Nf6 7. Be2 O-O 8.
f4 d6 9. O-O Bd7 10. Nb3 Rc8 11. Kh1 a6 12. a4 Na5 13. e5 dxe5 14. fxe5 Rxc3
15. bxc3 Ne4 16. Qd4 Nxb3 17. cxb3 Bc6 18. Bf3 f5 19. Rad1 Qa5 20. Qc4+ Kh8 21.
Bxe4 Bxe4 22. Rd7 Bc6 23. Rxe7 Qd8 24. Bg5 h6 25. Qh4 Qd3 26. Re1 Qc2 27. Qh3
Qf2 28. Rg1 Kg8 29. Rxg7+ Kxg7 30. Qxh6+ Kg8 31. Qxg6+ Kh8 32. Bf6+ Rxf6 33.
exf6 1-0

[Event "II. CLANSKA LIGA ZAHOD 2024"]
[Site "Komenda"]
[Date "2024.11.24"]
[Round "9.3"]
[White "Rolih, Miran"]
[Black "Biti, Ozren"]
[Result "0-1"]
[WhiteElo "1938"]
[BlackElo "2284"]
[PlyCount "54"]
[EventDate "2024.11.15"]
[WhiteTeam "SK RIMEX ILIRSKA BISTRICA"]
[BlackTeam "SD POSOCJE"]

1. e4 d6 2. d4 Nf6 3. Nc3 e5 4. Nf3 Nbd7 5. Bc4 Be7 6. O-O O-O 7. h3 c6 8. a4
a5 9. Be3 Qc7 10. Kh1 exd4 11. Nxd4 Re8 12. f4 d5 13. exd5 Nb6 14. Bb3 Bb4 15.
d6 Qxd6 16. Qf3 Bxc3 17. bxc3 Nfd5 18. Bxd5 Qxd5 19. Qxd5 Nxd5 20. Bd2 Bd7 21.
c4 Nf6 22. Rf3 Ne4 23. Be1 c5 24. Nb5 Bxb5 25. cxb5 c4 26. f5 f6 27. b6 Re5 {
nejasno (52)} 0-1

[Event "II. CLANSKA LIGA ZAHOD 2024"]
[Site "Komenda"]
[Date "2024.11.24"]
[Round "9.3"]
[White "Beletic, Danijel"]
[Black "Ursic, Aleksander"]
[Result "1-0"]
[WhiteElo "2276"]
[BlackElo "1915"]
[PlyCount "53"]
[EventDate "2024.11.15"]
[WhiteTeam "SD POSOCJE"]
[BlackTeam "SK RIMEX ILIRSKA BISTRICA"]

1. d4 Nf6 2. Nf3 d5 3. c4 c6 4. cxd5 cxd5 5. Nc3 Nc6 6. Bf4 a6 7. Rc1 Bf5 8.
Ne5 e6 9. e3 Nxe5 10. Bxe5 Be7 11. Be2 O-O 12. O-O b5 13. Qb3 Nd7 14. Bg3 Nb6
15. Nxb5 Nc4 16. Nc7 Nd2 17. Qc3 Nxf1 18. Bxf1 Ra7 19. b4 Bd6 20. Nxa6 Bxg3 21.
hxg3 f6 22. a4 Qd6 23. b5 e5 24. Qc5 Rxa6 25. bxa6 Qxc5 26. Rxc5 exd4 27. exd4
1-0

[Event "II. CLANSKA LIGA ZAHOD 2024"]
[Site "Komenda"]
[Date "2024.11.24"]
[Round "9.3"]
[White "Delost, Josko"]
[Black "Hozjan, Erik"]
[Result "0-1"]
[WhiteElo "1798"]
[BlackElo "1926"]
[PlyCount "78"]
[EventDate "2024.11.15"]
[WhiteTeam "SK RIMEX ILIRSKA BISTRICA"]
[BlackTeam "SD POSOCJE"]

1. d4 f5 2. g3 Nf6 3. Bg2 e6 4. e3 Be7 5. Nf3 O-O 6. O-O d5 7. b3 Bd7 8. Nbd2
Be8 9. Ne5 Bh5 10. f3 Nbd7 11. Nxd7 Qxd7 12. c4 c6 13. Bb2 Ne4 14. Qc2 Nd6 15.
Rac1 Bg5 16. f4 Bd8 17. c5 Ne8 18. Nf3 Bxf3 19. Bxf3 Nf6 20. Bc3 Bc7 21. Bd2 h6
22. Bg2 g6 23. h3 Qg7 24. Qd3 g5 25. Be1 Kf7 26. Rc2 Rg8 27. b4 a6 28. a4 h5
29. Kh2 h4 30. gxh4 gxf4 31. exf4 Nh5 32. Qe3 Qh6 33. Bd2 Rg3 34. Qe1 Rag8 35.
Be3 Nxf4 36. Bxf4 Bxf4 37. Kh1 Qxh4 38. Rf3 Rxg2 39. Qxh4 Rg1# 0-1

[Event "II. CLANSKA LIGA ZAHOD 2024"]
[Site "Komenda"]
[Date "2024.11.24"]
[Round "9.4"]
[White "Buha, Drago"]
[Black "Bratovic, Blaz"]
[Result "0-1"]
[WhiteElo "1957"]
[BlackElo "2320"]
[PlyCount "90"]
[EventDate "2024.11.15"]
[WhiteTeam "SD RADOVLJICA"]
[BlackTeam "SD GORENJKA LESCE"]

1. d4 f5 2. Nf3 Nf6 3. h3 e6 4. Bf4 g6 5. e3 Bg7 6. Nc3 O-O 7. Bc4 d6 8. O-O
Kh8 9. Ng5 Qe7 10. Nf3 Nc6 11. Bg5 h6 12. Bxf6 Qxf6 13. Nb5 Qe7 14. Nc3 a6 15.
a4 Nd8 16. Re1 d5 17. Bd3 Nf7 18. Rb1 c5 19. b3 Bd7 20. Qd2 Rac8 21. g3 Bc6 22.
Nh4 Qf6 23. Ne2 e5 24. dxe5 Nxe5 25. f4 Qxh4 26. gxh4 Nf3+ 27. Kf2 Nxd2 28.
Rbd1 Ne4+ 29. Bxe4 fxe4 30. Rg1 Kh7 31. Kg3 Rcd8 32. c3 b5 33. a5 b4 34. cxb4
d4 35. bxc5 d3 36. Nc1 Rf5 37. Na2 Rxc5 38. Nb4 Bb5 39. Rg2 Rdc8 40. Kg4 h5+
41. Kg3 Rc1 42. Rxc1 Rxc1 43. Kh2 Bf8 44. Nd5 Rc2 45. Nf6+ Kh8 0-1

[Event "II. CLANSKA LIGA ZAHOD 2024"]
[Site "Komenda"]
[Date "2024.11.24"]
[Round "9.4"]
[White "Mencinger, Vojko"]
[Black "Prestrl, Jozef"]
[Result "1-0"]
[WhiteElo "2276"]
[BlackElo "1875"]
[PlyCount "47"]
[EventDate "2024.11.15"]
[WhiteTeam "SD GORENJKA LESCE"]
[BlackTeam "SD RADOVLJICA"]

1. e4 c6 2. d4 d5 3. e5 e6 4. c4 b6 5. Nc3 g6 6. Nf3 dxc4 7. Bxc4 Bb7 8. Bg5
Be7 9. Ne4 Kf8 10. h4 h6 11. Bxe7+ Qxe7 12. Nd6 Kg7 13. h5 g5 14. O-O Ba6 15.
Bxa6 Nxa6 16. Qa4 Nb8 17. Qa3 Qd7 18. Nd2 Ne7 19. f4 Nf5 20. N2e4 Rf8 21. fxg5
hxg5 22. Nf6 Qd8 23. Rxf5 exf5 24. Qg3 1-0

[Event "II. CLANSKA LIGA ZAHOD 2024"]
[Site "Komenda"]
[Date "2024.11.24"]
[Round "9.4"]
[White "Kocevar, Tugomir"]
[Black "Pavlin, Damijan"]
[Result "0-1"]
[WhiteElo "1818"]
[BlackElo "1961"]
[PlyCount "42"]
[EventDate "2024.11.15"]
[WhiteTeam "SD RADOVLJICA"]
[BlackTeam "SD GORENJKA LESCE"]

1. e4 c6 2. d4 d5 3. e5 c5 4. c3 Nc6 5. Nf3 Bg4 6. Be2 e6 7. O-O Bxf3 8. Bxf3
cxd4 9. cxd4 Qb6 10. Nc3 Qxd4 11. Nb5 Qxd1 12. Bxd1 Rc8 13. Bf4 a6 14. Nc3 Nge7
15. Bg3 Nf5 16. Re1 Nxg3 17. hxg3 Bb4 18. a3 Bxc3 19. bxc3 Ke7 20. f4 Na5 21.
Re3 Rc7 0-1

[Event "II. CLANSKA LIGA ZAHOD 2024"]
[Site "Komenda"]
[Date "2024.11.24"]
[Round "9.4"]
[White "Kelbl, Jakob"]
[Black "Torkar, Boris"]
[Result "1-0"]
[WhiteElo "1919"]
[BlackElo "1882"]
[PlyCount "59"]
[EventDate "2024.11.15"]
[WhiteTeam "SD GORENJKA LESCE"]
[BlackTeam "SD RADOVLJICA"]

1. d4 d5 2. Bf4 c6 3. e3 e6 4. Nf3 Nf6 5. Nbd2 Be7 6. c3 O-O 7. Bd3 Nbd7 8. Ne5
Re8 9. Ndf3 Nf8 10. Ng5 Ng6 11. Ngxf7 Qb6 12. Nxg6 Qxb2 13. Nxe7+ Kxf7 14. Nxc8
Qxc3+ 15. Ke2 Raxc8 16. Qb3 Qxb3 17. axb3 a6 18. f3 Nd7 19. Kd2 g6 20. h4 c5
21. h5 Rh8 22. Rh3 c4 23. hxg6+ hxg6 24. Rxh8 Rxh8 25. bxc4 dxc4 26. Bxc4 Rc8
27. Bb3 Nf6 28. e4 Ke7 29. Bg5 Rc6 30. e5 1-0

[Event "II. CLANSKA LIGA ZAHOD 2024"]
[Site "Komenda"]
[Date "2024.11.24"]
[Round "9.5"]
[White "Jocev, Milan"]
[Black "Skrbec, Leon"]
[Result "1/2-1/2"]
[WhiteElo "2246"]
[BlackElo "2237"]
[PlyCount "29"]
[EventDate "2024.11.15"]
[WhiteTeam "SK TRZIN"]
[BlackTeam "SK POSTOJNA"]

1. d4 Nf6 2. c4 e6 3. g3 d5 4. Nf3 Bb4+ 5. Bd2 Be7 6. Bg2 O-O 7. O-O c6 8. Qc2
Nbd7 9. Bf4 Nh5 10. Bc1 Nhf6 11. Bf4 Nh5 12. Bc1 Nhf6 13. Bf4 Nh5 14. Bc1 Nhf6
15. Bf4 1/2-1/2

[Event "II. CLANSKA LIGA ZAHOD 2024"]
[Site "Komenda"]
[Date "2024.11.24"]
[Round "9.5"]
[White "Cepon, Dusan"]
[Black "Jacob, Tobias"]
[Result "0-1"]
[WhiteElo "2066"]
[BlackElo "2094"]
[PlyCount "105"]
[EventDate "2024.11.15"]
[WhiteTeam "SK POSTOJNA"]
[BlackTeam "SK TRZIN"]

1. d4 d5 2. Nf3 Nf6 3. c4 e6 4. g3 h6 5. Bg2 Bd6 6. O-O O-O 7. Nc3 Nc6 8. c5
Be7 9. a3 Ne4 10. Qc2 f5 11. e3 g5 12. b4 g4 13. Ne5 Nxe5 14. dxe5 a5 15. Bb2
Nxc3 16. Bxc3 Bd7 17. Rfc1 Qe8 18. Qd2 Bc6 19. bxa5 Bxc5 20. Bb4 Be7 21. Bf1
Rf7 22. Qd4 Bd8 23. Rc5 Bd7 24. Rac1 Rh7 25. a6 b6 26. Rxc7 Bxc7 27. Rxc7 Bc6
28. Rxh7 Kxh7 29. Qxb6 Qd7 30. Bd6 Rc8 31. Qd4 Bb5 32. Bd3 Bxd3 33. Qxd3 Qa4
34. Bb4 Rc6 35. Qd2 Qxa6 36. e4 Qc4 37. exd5 exd5 38. Bd6 Qe4 39. Bf8 Qb1+ 40.
Kg2 Qe4+ 41. Kg1 Qxe5 42. a4 Rb6 43. Ba3 Rb1+ 44. Bc1 Qa1 45. Qxh6+ Kg8 46.
Qg6+ Kf8 47. Qxf5+ Ke7 48. Qh7+ Kd6 49. Qg6+ Kc5 50. Qxg4 Rxc1+ 51. Kg2 Rg1+
52. Kf3 Qd1+ 53. Kf4 0-1

[Event "II. CLANSKA LIGA ZAHOD 2024"]
[Site "Komenda"]
[Date "2024.11.24"]
[Round "9.5"]
[White "Krupenko, Peter"]
[Black "Hrescak, Ivana"]
[Result "1/2-1/2"]
[WhiteElo "1923"]
[BlackElo "2078"]
[PlyCount "71"]
[EventDate "2024.11.15"]
[WhiteTeam "SK TRZIN"]
[BlackTeam "SK POSTOJNA"]

1. c4 Nf6 2. Nf3 g6 3. g3 Bg7 4. Bg2 d6 5. O-O O-O 6. Nc3 c6 7. d4 Nbd7 8. b3
Qa5 9. Bb2 e5 10. d5 c5 11. Nd2 a6 12. Nde4 Qc7 13. a4 Nxe4 14. Nxe4 h6 15. Qd2
f5 16. Nc3 b6 17. Rfd1 Rb8 18. e4 f4 19. Bh3 Qd8 20. Be6+ Kh7 21. Rf1 f3 22.
Rfd1 Nf6 23. Qd3 Ne8 24. Bxc8 Qxc8 25. Nb1 Qh3 26. Qf1 Qg4 27. Nc3 h5 28. h3
Qc8 29. Bc1 Rb7 30. Rd3 Rbf7 31. Bg5 a5 32. Kh2 Bf6 33. Qc1 Qd8 34. Bh6 Bg7 35.
Bg5 Bf6 36. Bh6 1/2-1/2

[Event "II. CLANSKA LIGA ZAHOD 2024"]
[Site "Komenda"]
[Date "2024.11.24"]
[Round "9.5"]
[White "Pridigar, Lovro"]
[Black "Krumpak, Hinko"]
[Result "1/2-1/2"]
[WhiteElo "2058"]
[BlackElo "2002"]
[PlyCount "60"]
[EventDate "2024.11.15"]
[WhiteTeam "SK POSTOJNA"]
[BlackTeam "SK TRZIN"]

1. d4 d6 2. Nf3 Bg4 3. c4 Nd7 4. Qa4 c6 5. Nc3 Ngf6 6. h3 Bxf3 7. exf3 g6 8.
Be3 Bg7 9. Bd3 O-O 10. O-O e6 11. Qb3 Qb6 12. Qc2 d5 13. c5 Qc7 14. f4 Ne8 15.
h4 f5 16. g3 h5 17. Rab1 Nef6 18. f3 Bh6 19. Bf2 Kf7 20. Rfe1 Rfe8 21. b4 a6
22. a4 Reb8 23. Qe2 Re8 24. Rb3 Bf8 25. a5 Bh6 26. Qd1 Re7 27. Rb2 Rg8 28. Be3
Ree8 29. Bf2 Re7 30. Be3 Ree8 1/2-1/2